000 00523nam a2200217Ia 4500
003 OSt
005 20220928141940.0
006 a|||||r|||| 00| 0
007 ta
008 220927b |||||||| |||| 00| 0 eng d
024 _a18379
037 _cTextual
040 _aSDCL
_cSDCL
_beng
041 _2eng
_aeng
082 _aP15,Cx3,1, E0
100 _aDevanandi
_9502702
245 0 _aJainendra vyakaran.
260 _c1910
942 _hP15,Cx3,1, E0
_cTEXL
_2CC
999 _c820623
_d820623